000 01033nam a2200301 a 4500
001 25473
003 BD-RjUL
005 20211209050902.0
008 140318s1954 enkaf 001 0ceng
035 _a(BD-RjUL)25543
040 _aDLC
_cDLC
_dDLC
_dBD-RjUL
_beng
041 1 _aeng
_hger
082 0 0 _a943.0860924
_219
_bBOB 1954
100 1 _aBormann, Martin,
_d1900-1945.
_978339
245 1 4 _aThe Bormann letters /
_cMartin Bormann; Gerda Bormann.
260 _aLondon :
_bWeidenfeld and Nicolson,
_c1954.
300 _axxiii, 200 p., [4] p. of plates :
_bill. ;
_c22 cm.
504 _aIncludes index.
600 1 0 _aBormann, Martin,
_d1900-1945
_978346
600 1 0 _aBormann, Gerda,
_d1909-1946
_978347
650 0 _aPoliticians
_zGermany
_vCorrespondence.
_978342
650 0 _aPoliticians' spouses
_zGermany
_vCorrespondence.
_978343
700 1 _aBormann, Gerda,
_d1909-1946.
_978344
700 1 _aTrevor-Roper, H. R.
_q(Hugh Redwald),
_d1914-2003.
_951923
942 _2ddc
_cBK
999 _c25473
_d25473